000 00509 a2200157 4500
999 _c5749
_d5749
020 _a9780521530156
050 _aQA801.QUA 2002
100 _aQuadling, D. A.
_eauthor
245 _aAdvanced level mathematics:
_bmechanics 1 /
_cDouglas Quadling.
264 _aCambridge:
_bCambridge university press.,
_c2002
300 _a2 volumes : illustrations., 204 pages
440 _aCambridge international examinations.
500 _alncludes index
650 _aMechanics, Applied.
942 _2lcc
_cBK
_h801
_iQUA
_kQA